| 000 | 01005nam a2200205 i 4500 | ||
|---|---|---|---|
| 001 | 189611 | ||
| 003 | ES-MaACL | ||
| 005 | 20230906223519.0 | ||
| 008 | 190625s1875 sp bf |||| | spa d | ||
| 110 | 2 |
_aCompañía Comanditaria La Minería Española. _9167432 |
|
| 245 | 1 | 0 | _aMemoria que presenta a la Junta General Ordinaria de accionistas de la Compañía Comanditaria La Minería Española el director-gerente [Ceferino Avecilla]. |
| 260 |
_aMadrid : _bImp. de Pascual Conesa, _c1875. |
||
| 300 |
_a33 p., [1] mapa pleg., 8 h. (algunas pleg.) ; _c26 cm. |
||
| 594 | _aNombre del director-gerente en p. 33. | ||
| 599 | _aMapa del distrito del Horcajo. | ||
| 610 | 2 | 4 |
_aCompañía Comanditaria La Minería Española. _9167432 |
| 650 | 4 |
_aMinería- _zEspaña. _9141625 |
|
| 700 | 1 |
_aAvecilla, Ceferino. _923994 |
|
| 852 |
_aES-MaACL _jL-32450(8) _z- Enc. cart. _z. - Legado Federico de Botella y de Hornos _z- Enc. en un vol. facticio, con tít. en el lomo de: España, geología: memorias varias, 3 |
||
| 999 |
_c189611 _d189611 |
||